El testamento azul (Record no. 173769)
[ view plain ]
| 000 -LEADER | |
|---|---|
| campo de control de longitud fija | 01229namaa22002651 4500 |
| 001 - NÚMERO DE CONTROL | |
| campo de control | 173769 |
| 003 - IDENTIFICADOR DE NÚMERO DE CONTROL | |
| campo de control | ES-MaACL |
| 005 - FECHA Y HORA DE LA ÚLTIMA TRANSACCIÓN | |
| campo de control | 20250824090223.0 |
| 007 - CAMPO FIJO DE DESCRIPCIÓN FÍSICA--INFORMACIÓN GENERAL | |
| campo de control de longitud fija | t| |
| 008 - DATOS DE LONGITUD FIJA--INFORMACIÓN GENERAL | |
| campo de control de longitud fija | 100118s1874 sp || |||| ||spa d |
| 040 ## - FUENTE DE CATALOGACIÓN | |
| Centro catalogador/agencia de origen | SpMaBN |
| Lengua de catalogación | spa |
| Centro/agencia transcriptor | A2 |
| Centro/agencia modificador | SpMaBN |
| Normas de descripción | rdc |
| 080 ## - NÚMERO DE LA CLASIFICACIÓN DECIMAL UNIVERSAL | |
| Número de la Clasificación Decimal Universal | 78.089.1 |
| 100 1# - ENTRADA PRINCIPAL--NOMBRE DE PERSONA | |
| Nombre de persona | Liern, Rafael María. |
| 9 (RLIN) | 72253 |
| 245 13 - MENCIÓN DEL TÍTULO | |
| Título | El testamento azul |
| Resto del título | : zarzuela en tres actos / |
| Mención de responsabilidad, etc. | letra de Amalfi [seud.] ; música, la del acto primero del Mtro. Barbieri, la del segundo del Mtro. Oudrid, y la del trecero del Mtro. Aceves. |
| 260 ## - PUBLICACIÓN, DISTRIBUCIÓN, ETC. | |
| Lugar de publicación, distribución, etc. | Madrid : |
| Nombre del editor, distribuidor, etc. | [s.n.], |
| Fecha de publicación, distribución, etc. | 1874 ( |
| Fabricante | Imp. de Gabriel Alhambra) |
| 300 ## - DESCRIPCIÓN FÍSICA | |
| Extensión | 55 p. ; |
| Dimensiones | 20 cm. |
| 500 ## - NOTA GENERAL | |
| Nota general | En la port.: "Representada con gran aplauso en el teatro de los Jardines del Buen Retiro, la noche del 20 de julio de 1874" |
| 500 ## - NOTA GENERAL | |
| Nota general | Solo la letra. |
| 594 ## - Nota al título y mención de responsabilidad | |
| Nota al título y mención de responsabilidad | Precede al tít.: Biblioteca dramática. |
| 700 1# - ENTRADA AGREGADA--NOMBRE PERSONAL | |
| Nombre de persona | Barbieri, Francisco A., |
| Fechas asociadas al nombre | 1823-1894 |
| 9 (RLIN) | 25463 |
| 700 1# - ENTRADA AGREGADA--NOMBRE PERSONAL | |
| Nombre de persona | Aceves, Rafael. |
| 9 (RLIN) | 125537 |
| 700 0# - ENTRADA AGREGADA--NOMBRE PERSONAL | |
| Nombre de persona | Oudrid, Cristóbal. |
| 9 (RLIN) | 87969 |
| 852 ## - LOCALIZACIÓN | |
| Ubicación | ES-MaACL |
| Número de control de estantería | B-8603(9).- |
| Nota libre | Enc. pasta española.- |
| condición física | .- Falto de la cub. original.- |
| Nota libre | .- Enc. en un vol. facticio formando parte de la col. facticia "Teatro español moderno", vol. 56 |
| Estatus retirado | Estado de pérdida | Estado de daño | No para préstamo | Colección | Biblioteca de origen | Biblioteca actual | Ubicación en estantería | Fecha de adquisición | Fuente de adquisición | Total de préstamos | Signatura topográfica completa | Código de barras | Visto por última vez | Precio de reemplazo | Tipo de ítem Koha |
|---|---|---|---|---|---|---|---|---|---|---|---|---|---|---|---|
| Libros del s. XIX | Biblioteca del Ateneo de Madrid | Biblioteca del Ateneo de Madrid | Sala Pardo Bazán | 18/01/2010 | B-8603(9) | 1182399 | 23/02/2023 | 23/02/2023 | Libro impreso antiguo |
